Catálogo

De la antropología filosófica a la antropología de la salud / (Registro nro. 26530)

Detalles MARC
000 -LEADER
fixed length control field 01304cam a2200349 i 4500
001 - CONTROL NUMBER
control field 26530
003 - CONTROL NUMBER IDENTIFIER
control field Mx-PuUPA
005 - DATE AND TIME OF LATEST TRANSACTION
control field 20250923143123.0
008 - FIXED-LENGTH DATA ELEMENTS--GENERAL INFORMATION
fixed length control field 140415s2008 sp gr 001 0 spa d
017 ## - COPYRIGHT OR LEGAL DEPOSIT NUMBER
Copyright or legal deposit number B - 8.321 - 2008
020 ## - INTERNATIONAL STANDARD BOOK NUMBER
International Standard Book Number 9788425425172
040 ## - CATALOGING SOURCE
Original cataloging agency Mx-PuUPA
Language of cataloging spa
Transcribing agency Mx-PuUPA
Modifying agency Mx-PuUPA
Description conventions rda
041 0# - LANGUAGE CODE
Language code of text/sound track or separate title spa
245 06 - TITLE STATEMENT
Title De la antropología filosófica a la antropología de la salud /
Statement of responsibility, etc. Rosa María Boixareu, coordinadora ; prólogo de Josep M. Comelles ; epílogo de Lluís Duch ; colaboran, Amparo Mogollón (y otros14)
264 #1 - PRODUCTION, PUBLICATION, DISTRIBUTION, MANUFACTURE, AND COPYRIGHT NOTICE
Place of production, publication, distribution, manufacture Barcelona :
Name of producer, publisher, distributor, manufacturer Herder editorial,
Date of production, publication, distribution, manufacture, or copyright notice ©2008
300 ## - PHYSICAL DESCRIPTION
Extent 592 páginas ;
Dimensions 25 cm
336 ## - CONTENT TYPE
Fuente rdacontent
Content type term texto
Content type code txt
337 ## - MEDIA TYPE
Source rdamedia
Media type term sin medio
Media type code n
338 ## - CARRIER TYPE
Source rdacarrier
Carrier type term volumen
Carrier type code nc
650 #7 - SUBJECT ADDED ENTRY--TOPICAL TERM
Source of heading or term armarc
Topical term or geographic name entry element Antropología médica
General subdivision Filosofía
650 #7 - SUBJECT ADDED ENTRY--TOPICAL TERM
Source of heading or term armarc
Topical term or geographic name entry element Antropología filosófica
650 #7 - SUBJECT ADDED ENTRY--TOPICAL TERM
Source of heading or term armarc
Topical term or geographic name entry element Salud
General subdivision Filosofía
700 1# - ADDED ENTRY--PERSONAL NAME
9 (RLIN) 10015
Personal name Boixareu, Rosa María,
Relator term coordinador
700 1# - ADDED ENTRY--PERSONAL NAME
Personal name Comelles, Josep M.,
Relator term prologuista
700 1# - ADDED ENTRY--PERSONAL NAME
Personal name Duch, Lluís,
Relator term epilogísta
700 1# - ADDED ENTRY--PERSONAL NAME
Personal name Mogollón, Amparo,
Relator term coolaborador
942 ## - ADDED ENTRY ELEMENTS (KOHA)
Source of classification or shelving scheme Dewey Decimal Classification
Koha item type Libro
Classification part 301
Item part D33
Existencias
Withdrawn status Lost status Source of classification or shelving scheme Damaged status Not for loan Collection code Home library Current library Shelving location Date acquired Source of acquisition Total Checkouts Full call number Barcode Date last seen Price effective from Koha item type
    Dewey Decimal Classification     General Biblioteca Karol Wojtyla Biblioteca Karol Wojtyla Sala general 23/07/2019 Donación   301 D33 2008 49288 05/01/2026 03/12/2013 Libro